000
00299nam a2200121Ia 4500
005
20260328104303.0
008
260328s9999||||xx |||||||||||||| ||und||
100
_a
Macaulay, David
245
0
_a
Nacimiento de Una PirĂ¡mide /
_c
David Macaulay
260
_b
Timun Mas
650
_a
EGIPTO
942
_c
BK
999
_c
10672
_d
10672